Ciencia pública-ciencia privada: reflexiones sobre la producción del saber científico
Guardat en:
| Autor principal: | |
|---|---|
| Format: | Llibre |
| Idioma: | espanyol |
| Publicat: |
Ciudad de México
Fondo de Cultura Económica
2005
|
| Edició: | 1a. ed |
| Col·lecció: | Sección de Obras de Ciencia, Tecnología, Sociedad
|
| Matèries: | |
| Etiquetes: |
Afegir etiqueta
Sense etiquetes, Sigues el primer a etiquetar aquest registre!
|
MARC
| LEADER | 00000nam a2200000 a 4500 | ||
|---|---|---|---|
| 001 | UCJ2282 | ||
| 003 | CL-VaPUC | ||
| 008 | 061207e20050000MX |||||||||||||||||spa|d | ||
| 020 | |a 9681674707 | ||
| 082 | 0 | 4 | |a 501 |b ZAM |2 21 |
| 100 | 0 | |a Zamora Bonilla, Jesús |e author |9 503272 | |
| 245 | 1 | 0 | |a Ciencia pública-ciencia privada: reflexiones sobre la producción del saber científico |
| 250 | |a 1a. ed | ||
| 300 | |a 235 p | ||
| 942 | |c BK | ||
| 945 | |d 20061207 00:00:00 |a cmena | ||
| 260 | |a Ciudad de México |b Fondo de Cultura Económica |c 2005 | ||
| 650 | 0 | |a Filosofía de las ciencias |9 256466 | |
| 650 | 0 | |a Desarrollo científico |9 259799 | |
| 650 | 7 | |a DESARROLLO TECNOLOGICO |2 CL-VaPUC |9 259800 | |
| 650 | 0 | |a Investigación científica |9 259857 | |
| 583 | |a last modification |c 20061207 00:00:00 |k Rodrigo Vera | ||
| 490 | 0 | |a Sección de Obras de Ciencia, Tecnología, Sociedad | |
| 999 | |c 318631 |d 318629 | ||
| 952 | |0 0 |1 0 |4 0 |6 501_000000000000000_ZAM_2005 |7 0 |8 A |9 396577 |a BIBEDU |b BIBEDU |d 2019-11-22 |i 4304926 |o 501 ZAM 2005 |p 4304926 |r 2019-11-22 |w 2019-11-22 |y BK |k PSI | ||